000 00580nam a2200181 a 4500
005 20140412111310.0
008 030326s19uu xx 00 eng d
020 _a0-14-054911-0
050 _aTR(PS E
_bHa11 1985
100 _aWells, Rosemary
245 _aHazel's amazing mother /
_cRosemary Wells.
260 _aNew York :
_bA Puffin Pied Piper,
_c1985.
300 _a1 v. (unp.) ; ill.
520 _a"A beguiling book with a nonsensical streak that will make children look again and laugh".
650 _aMothers--Fiction
650 _aChildren stories
999 _c103930
_d103930